000
00238nam a2200109Ia 4500
008
240126s9999 xx 000 0 und d
041
_a
English
245
0
_a
IETE Technical Review (1997 -
260
_b
IETE
440
_a
I
942
_c
JN
999
_c
253950
_d
253950